000 00312nam a22001337a 4500
008 250317b |||||||| |||| 00| 0 eng d
020 _a9789385999857
040 _a02
100 _aTANWAR,YS
245 _aPHARMACEUTICAL DOSAGE FORM DESIGN
260 _aNEW DELHI
_bJAYPEE
_c2016
300 _a643
942 _c01
999 _c65384
_d65384